[Event "Santa Cruz La Palma Christmas op"]
[Site "Santa Cruz de La Palma"]
[Date "2017.12.17"]
[Round "2.10"]
[White "Otero Campos, Natalia"]
[Black "Gomez Gomez, David"]
[Result "0-1"]
[WhiteElo "1028"]
[BlackElo "1249"]
[PlyCount "64"]
[EventDate "2017.12.16"]
[EventType "swiss"]
[EventRounds "7"]
[EventCountry "ESP"]
[SourceTitle "EXT 2024"]
[Source "ChessBase"]
[SourceDate "2023.10.10"]
[SourceVersion "1"]
[SourceVersionDate "2023.10.10"]
[SourceQuality "1"]

1. Nf3 d5 2. d4 Nf6 3. Bf4 Bf5 4. Nc3 e6 5. a3 c5 6. g3 Nc6 7. e3 cxd4 8. exd4 Be7 9. Bg2 0-0 10. 0-0 Bd6 11. Qd2 Bxf4 12. Qxf4 Bxc2 13. Rac1 Bg6 14. Nh4 Rc8 15. Nxg6 hxg6 16. Qh4 Nh5 17. Qg4 Qf6 18. Qf3 Qxf3 19. Bxf3 Nxd4 20. Bg2 Rc7 21. Rfe1 Rfc8 22. Red1 Nb5 23. Rd2 Nxc3 24. bxc3 Rxc3 25. Rxc3 Rxc3 26. Re2 Rc1+ 27. Bf1 Nf6 28. Re5 Nd7 29. Re3 Nb6 30. Kg2 Nc4 31. Rb3 Rxf1 32. Kxf1 Nd2+ 0-1